Statistics for Denmark Euro 2012 Squad

Click here to take the quiz!

General Stats

  • This quiz has been taken 304 times
  • The average score is 12 of 23

Answer Stats

ClubPositionAnswer% Correct
ArsenalSTNicklas Bendtner
87%
LiverpoolDFDaniel Agger
87%
AjaxMDChristian Eriksen
81%
LeicesterGKKasper Schmeichel
80%
Manchester UnitedGKAnders Lindegaard
77%
MidtjyllandMDJakob Poulsen
74%
EvianMDChristian Poulsen
74%
AZ AlkmaarDFSimon Poulsen
74%
AS RomaDFSimon Kjaer
68%
AjaxMDLasse Schone
55%
StuttgartMDWilliam Kvist
55%
EvianGKStephan Andersen
55%
KobenhavnDFLars Jacobsen
51%
EvianDFDaniel Wass
45%
NordsjaellandDFAndreas Bjelland
44%
BrondbyMDMichael Krohn-Dehli
41%
NordsjaellandDFJores Okore
38%
BrondbySTDennis Rommedahl
36%
GroningenSTNicklas Pedersen
30%
EvianMDThomas Kahlenberg
28%
Club BruggeMDNiki Zimling
27%
Young BoysMDMichael Silberbauer
27%
MidtjyllandSTTobias Mikkelsen
13%

Score Distribution

Percentile by Number Answered

Percent of People with Each Score

Your Score History

You have not taken this quiz